000 00453nam a2200181Ia 4500
001 20473
005 20260306172808.0
008 260306t1987||||xx |||||||||||||| ||spa||
041 _aESP
082 _a343.285
_bV23
100 _aValle Riestra, Javier
_eAUT
245 0 _aLa responsabilidad constitucional del jefe de estado
260 _c1987
300 _a213 páginas :
_c21 cm.
650 _aGEN
654 _aCDE
942 _cLIB
_dJUS
_fJUS
_2ddc
_n
999 _c20473
_d20473